My soul to take : (Record no. 590054)
[ view plain ]
| 000 -LEADER | |
|---|---|
| fixed length control field | 01415cam a2200385 a 4500 |
| 001 - CONTROL NUMBER | |
| control field | 15540065 |
| 003 - CONTROL NUMBER IDENTIFIER | |
| control field | NUST |
| 005 - DATE AND TIME OF LATEST TRANSACTION | |
| control field | 20220529143041.0 |
| 008 - FIXED-LENGTH DATA ELEMENTS--GENERAL INFORMATION | |
| fixed length control field | 081201s2009 nyu 000 0 eng |
| 010 ## - LIBRARY OF CONGRESS CONTROL NUMBER | |
| LC control number | 2008051244 |
| 020 ## - INTERNATIONAL STANDARD BOOK NUMBER | |
| International Standard Book Number | 9780061143380 (acidfree paper) |
| 038 ## - RECORD CONTENT LICENSOR | |
| Staff Name | Arshad |
| 040 ## - CATALOGING SOURCE | |
| Original cataloging agency | DLC |
| Transcribing agency | DLC |
| 041 1# - LANGUAGE CODE | |
| Language code of text/sound track or separate title | eng |
| Language code of original | ice |
| 043 ## - GEOGRAPHIC AREA CODE | |
| Geographic area code | e-ic--- |
| 050 00 - LIBRARY OF CONGRESS CALL NUMBER | |
| Classification number | PT7513.Y77 |
| Item number | M913 2009 |
| 082 00 - DEWEY DECIMAL CLASSIFICATION NUMBER | |
| Classification number | 839.6935 |
| Author Mark | SIG |
| 100 1# - MAIN ENTRY--PERSONAL NAME | |
| Personal name | Yrsa Sigurðardóttir. |
| 9 (RLIN) | 8147 |
| 240 10 - UNIFORM TITLE | |
| Uniform title | Sér grefur gröf |
| Language of a work | English |
| 245 10 - TITLE STATEMENT | |
| Title | My soul to take : |
| Remainder of title | a novel of Iceland / |
| Statement of responsibility, etc. | Yrsa Sigurdardottir ; translated from the Icelandic by Bernard Scudder and Anna Yates. |
| 250 ## - EDITION STATEMENT | |
| Edition statement | 1st U.S. ed. |
| 260 ## - PUBLICATION, DISTRIBUTION, ETC. | |
| Place of publication, distribution, etc. | New York, NY : |
| Name of publisher, distributor, etc. | William Morrow, |
| Date of publication, distribution, etc. | c2009. |
| 300 ## - PHYSICAL DESCRIPTION | |
| Extent | 346 p. ; |
| Dimensions | 24 cm. |
| 500 ## - GENERAL NOTE | |
| General note | Originally published as: Sér grefur gröf. Reykjavík : Veröld Pub., 2006. |
| 500 ## - GENERAL NOTE | |
| General note | "This book was originally published in Iceland in Icelandic in 2006 by Verold Publishing." |
| 563 ## - BINDING INFORMATION | |
| Binding note | PBK |
| 650 #0 - SUBJECT ADDED ENTRY--TOPICAL TERM | |
| Topical term or geographic name entry element | Women lawyers |
| Form subdivision | Fiction. |
| 9 (RLIN) | 8148 |
| 651 #0 - SUBJECT ADDED ENTRY--GEOGRAPHIC NAME | |
| Geographic name | Reykjavík (Iceland) |
| Form subdivision | Fiction. |
| 9 (RLIN) | 8149 |
| 655 #7 - INDEX TERM--GENRE/FORM | |
| Genre/form data or focus term | Suspense fiction. |
| Source of term | gsafd |
| 700 1# - ADDED ENTRY--PERSONAL NAME | |
| Personal name | Scudder, Bernard, |
| Dates associated with a name | 1954-2007. |
| 9 (RLIN) | 8150 |
| 700 1# - ADDED ENTRY--PERSONAL NAME | |
| Personal name | Yates, Anna, |
| Dates associated with a name | 1955- |
| 9 (RLIN) | 8151 |
| 906 ## - LOCAL DATA ELEMENT F, LDF (RLIN) | |
| a | 7 |
| b | cbc |
| c | orignew |
| d | 1 |
| e | ecip |
| f | 20 |
| g | y-gencatlg |
| 942 ## - ADDED ENTRY ELEMENTS (KOHA) | |
| Source of classification or shelving scheme | |
| Koha item type | Book |
| Withdrawn status | Lost status | Source of classification or shelving scheme | Damaged status | Not for loan | Permanent Location | Current Location | Shelving location | Date acquired | Total Checkouts | Full call number | Barcode | Date last seen | Date last checked out | Price effective from | Koha item type |
|---|---|---|---|---|---|---|---|---|---|---|---|---|---|---|---|
| Central Library (CL) | Central Library (CL) | Fiction | 05/29/2022 | 1 | 839.6935 SIG | CL3324 | 01/30/2026 | 09/11/2025 | 05/29/2022 | Book |
